000
00225 a2200097 4500
001
14947
100
_a
Abdul Hakim
245
_a
The metaphysics of Rumi
260
_a
Lahore
_b
Inst of Islamic culture
_c
090
_c
11713
_d
11713
942
_a
NUST-CAE
_c
M
_c
1907
999
_c
250020
_d
250020